[Event "Weekender - Master"]
[Site "Enniscrone, Sligo, IE"]
[Date "2026.01.31"]
[Round "3"]
[White "Weih, Klaus"]
[Black "Gallagher, Brian"]
[Result "1/2-1/2"]
[Board "12"]
[WhiteFideId "2534940"]
[BlackFideId "2512556"]
[WhiteElo "1995"]
[BlackElo "1912"]
[WhiteTeam "IRL"]
[BlackTeam "IRL"]
[WhiteClock "1:04:01"]
[BlackClock "0:30:01"]
[Variant "Standard"]

1. e4 {[%clk 1:29:11]}  e5 {[%clk 1:29:03]} 2. Nf3 {[%clk 1:29:23]}  Nf6 {[%clk 1:28:58]} 3. Nc3 {[%clk 1:29:27]}  Nc6 {[%clk 1:29:26]} 4. Bb5 {[%clk 1:28:37]}  Bc5 {[%clk 1:28:26]} 5. d3 {[%clk 1:26:19]}  d6 {[%clk 1:26:42]} 6. Bg5 {[%clk 1:25:44]}  h6 {[%clk 1:24:35]} 7. Bh4 {[%clk 1:25:54]}  Bd7 {[%clk 1:22:11]} 8. Nd5 {[%clk 1:18:17]}  g5 {[%clk 1:12:45]} 9. Nxg5 {[%clk 1:18:39]}  Nxd5 {[%clk 1:11:08]} 10. Qh5 {[%clk 1:18:59]}  Qf6 {[%clk 0:55:32]} 11. Nf3 {[%clk 1:13:36]}  Qg6 {[%clk 0:53:11]} 12. Qxg6 {[%clk 1:13:55]}  fxg6 {[%clk 0:53:06]} 13. exd5 {[%clk 1:14:16]}  Nb4 {[%clk 0:51:58]} 14. Bxd7+ {[%clk 1:14:05]}  Kxd7 {[%clk 0:52:26]} 15. O-O-O {[%clk 1:14:08]}  Nxd5 {[%clk 0:50:49]} 16. Rhe1 {[%clk 1:12:21]}  g5 {[%clk 0:44:11]} 17. Bg3 {[%clk 1:12:37]}  Nf4 {[%clk 0:37:44]} 18. d4 {[%clk 1:11:11]}  exd4 {[%clk 0:36:50]} 19. Bxf4 {[%clk 1:07:24]}  gxf4 {[%clk 0:37:14]} 20. Nxd4 {[%clk 1:07:44]}  Rhg8 {[%clk 0:35:12]} 21. g3 {[%clk 1:07:52]}  Raf8 {[%clk 0:34:11]} 22. Ne6 {[%clk 1:07:59]}  Rf5 {[%clk 0:33:48]} 23. Nxc5+ {[%clk 1:06:40]}  Rxc5 {[%clk 0:34:14]} 24. Rd4 {[%clk 1:06:09]}  Rf5 {[%clk 0:30:48]} 25. Ree4 {[%clk 1:06:16]}  fxg3 {[%clk 0:30:51]} 26. fxg3 {[%clk 1:06:33]}  Rf2 {[%clk 0:30:32]} 27. Rd2 {[%clk 1:06:00]}  Rf1+ {[%clk 0:30:06]} 28. Rd1 {[%clk 1:04:23]}  Rf2 {[%clk 0:29:48]} 29. Rd2 {[%clk 1:04:52]}  Rf1+ {[%clk 0:29:38]} 30. Rd1 {[%clk 1:05:21]}  Rf2 {[%clk 0:30:01]} 31. Rd2 {[%clk 1:04:01]} 1/2-1/2

[Event "Weekender - Master"]
[Site "Enniscrone, Sligo, IE"]
[Date "2026.01.31"]
[Round "3"]
[White "Machin Arbelo, Pedro Alexis"]
[Black "Woods, Christopher"]
[Result "0-1"]
[Board "13"]
[WhiteFideId "2260972"]
[BlackFideId "2518201"]
[WhiteElo "1954"]
[BlackElo "1999"]
[WhiteTeam "ESP"]
[BlackTeam "IRL"]
[WhiteClock "0:00:35"]
[BlackClock "0:42:16"]
[Variant "Standard"]

1. d4 {[%clk 1:26:12]}  Nf6 {[%clk 1:30:39]} 2. Bf4 {[%clk 1:26:32]}  d5 {[%clk 1:31:03]} 3. e3 {[%clk 1:26:55]}  c5 {[%clk 1:31:23]} 4. c3 {[%clk 1:26:20]}  e6 {[%clk 1:30:03]} 5. Nd2 {[%clk 1:23:15]}  Bd6 {[%clk 1:28:26]} 6. Bg3 {[%clk 1:23:38]}  Nc6 {[%clk 1:28:00]} 7. Ngf3 {[%clk 1:23:31]}  O-O {[%clk 1:27:57]} 8. Bd3 {[%clk 1:21:30]}  Re8 {[%clk 1:23:37]} 9. Ne5 {[%clk 1:19:56]}  Qc7 {[%clk 1:20:27]} 10. Nxc6 {[%clk 0:57:12]}  Qxc6 {[%clk 1:16:36]} 11. dxc5 {[%clk 0:50:54]}  Bxc5 {[%clk 1:12:49]} 12. Qe2 {[%clk 0:44:42]}  Qb6 {[%clk 1:08:53]} 13. b4 {[%clk 0:38:37]}  Bf8 {[%clk 1:06:22]} 14. O-O {[%clk 0:28:45]}  e5 {[%clk 1:02:58]} 15. e4 {[%clk 0:13:50]}  Bg4 {[%clk 0:59:24]} 16. Qe1 {[%clk 0:13:36]}  Rac8 {[%clk 0:55:00]} 17. Rc1 {[%clk 0:08:04]}  Qd8 {[%clk 0:51:46]} 18. f3 {[%clk 0:04:50]}  Bh5 {[%clk 0:49:16]} 19. Bf2 {[%clk 0:02:50]}  Bg6 {[%clk 0:43:18]} 20. Bb5 {[%clk 0:02:56]}  Re7 {[%clk 0:42:55]} 21. Bc5 {[%clk 0:00:36]}  Rec7 {[%clk 0:42:23]} 22. Bxa7 {[%clk 0:00:50]}  Rxc3 {[%clk 0:42:16]} 23. Rxc3 {[%clk 0:01:05]}  Rxc3 {[%clk 0:42:39]} 24. Nb1 {[%clk 0:00:54]}  Rc8 {[%clk 0:42:35]} 25. Bc5 {[%clk 0:00:34]}  dxe4 {[%clk 0:42:16]} 26. Bxf8 {[%clk 0:00:46]}  Kxf8 {[%clk 0:42:36]} 27. Qf2 {[%clk 0:00:44]}  exf3 {[%clk 0:42:28]} 28. gxf3 {[%clk 0:01:03]}  Rc2 {[%clk 0:42:32]} 29. Qe3 {[%clk 0:00:52]}  Nd5 {[%clk 0:41:57]} 30. Qa7 {[%clk 0:00:35]}  Qg5+ {[%clk 0:42:16]} 0-1

[Event "Weekender - Master"]
[Site "Enniscrone, Sligo, IE"]
[Date "2026.01.31"]
[Round "3"]
[White "Millward, Kevin P"]
[Black "Gulljord, Birk"]
[Result "1-0"]
[Board "14"]
[WhiteFideId "404721"]
[BlackFideId "1542753"]
[WhiteElo "1948"]
[BlackElo "1925"]
[WhiteTeam "ENG"]
[BlackTeam "NOR"]
[WhiteClock "0:00:36"]
[BlackClock "0:00:39"]
[Variant "Standard"]

1. d4 {[%clk 1:30:56]}  d5 {[%clk 1:30:50]} 2. Bf4 {[%clk 1:30:49]}  Nf6 {[%clk 1:31:05]} 3. e3 {[%clk 1:30:31]}  e6 {[%clk 1:23:27]} 4. Nf3 {[%clk 1:29:01]}  c5 {[%clk 1:22:04]} 5. c3 {[%clk 1:28:33]}  Be7 {[%clk 1:18:29]} 6. h3 {[%clk 1:27:07]}  Nc6 {[%clk 1:14:45]} 7. Nbd2 {[%clk 1:24:57]}  Qb6 {[%clk 1:08:00]} 8. Qc2 {[%clk 1:20:06]}  Bd7 {[%clk 1:06:56]} 9. Rc1 {[%clk 1:13:43]}  Rc8 {[%clk 1:03:08]} 10. Qb1 {[%clk 1:10:12]}  a5 {[%clk 0:56:36]} 11. a4 {[%clk 1:02:00]}  Ne4 {[%clk 0:41:51]} 12. Nxe4 {[%clk 0:57:26]}  dxe4 {[%clk 0:42:13]} 13. Nd2 {[%clk 0:57:00]}  cxd4 {[%clk 0:34:43]} 14. exd4 {[%clk 0:54:25]}  f5 {[%clk 0:33:15]} 15. Be2 {[%clk 0:48:27]}  O-O {[%clk 0:29:57]} 16. O-O {[%clk 0:48:09]}  Qd8 {[%clk 0:27:15]} 17. Bb5 {[%clk 0:41:15]}  Bg5 {[%clk 0:25:33]} 18. Bxg5 {[%clk 0:40:00]}  Qxg5 {[%clk 0:25:44]} 19. Nc4 {[%clk 0:36:51]}  Rf6 {[%clk 0:22:07]} 20. f4 {[%clk 0:24:47]}  Qg3 {[%clk 0:21:30]} 21. Qc2 {[%clk 0:16:50]}  Rg6 {[%clk 0:18:54]} 22. Bxc6 {[%clk 0:07:24]}  Bxc6 {[%clk 0:18:44]} 23. Ne5 {[%clk 0:05:52]}  Rh6 {[%clk 0:17:12]} 24. Kh1 {[%clk 0:02:54]}  Bd5 {[%clk 0:08:21]} 25. Qe2 {[%clk 0:00:57]}  e3 {[%clk 0:06:06]} 26. Nf3 {[%clk 0:00:48]}  Bc4 {[%clk 0:05:32]} 27. Qxe3 {[%clk 0:01:01]}  Bxf1 {[%clk 0:05:10]} 28. Rxf1 {[%clk 0:01:29]}  Rg6 {[%clk 0:03:28]} 29. Rf2 {[%clk 0:00:57]}  Rd8 {[%clk 0:03:23]} 30. Re2 {[%clk 0:01:11]}  Rf6 {[%clk 0:01:11]} 31. Qe5 {[%clk 0:01:08]}  Rdf8 {[%clk 0:01:06]} 32. Kg1 {[%clk 0:00:59]}  Rg6 {[%clk 0:00:54]} 33. Kf1 {[%clk 0:01:20]}  Rh6 {[%clk 0:00:42]} 34. Re3 {[%clk 0:01:36]}  Qg6 {[%clk 0:00:36]} 35. Qxa5 {[%clk 0:01:48]}  Qe8 {[%clk 0:00:41]} 36. Ne5 {[%clk 0:01:04]}  Qc8 {[%clk 0:00:37]} 37. Qb5 {[%clk 0:01:16]}  Rd8 {[%clk 0:00:51]} 38. Nf3 {[%clk 0:00:57]}  Rd5 {[%clk 0:01:04]} 39. Qe2 {[%clk 0:01:15]}  Qc6 {[%clk 0:00:49]} 40. b3 {[%clk 0:01:10]}  Rf6 {[%clk 0:00:35]} 41. Ne5 {[%clk 0:00:49]}  Qc7 {[%clk 0:00:41]} 42. g3 {[%clk 0:00:52]}  Rf8 {[%clk 0:00:47]} 43. Nc4 {[%clk 0:00:58]}  Rdd8 {[%clk 0:00:33]} 44. Rxe6 {[%clk 0:00:54]}  Qf7 {[%clk 0:00:34]} 45. Re7 {[%clk 0:00:50]}  Qd5 {[%clk 0:00:37]} 46. Kg1 {[%clk 0:00:52]}  b5 {[%clk 0:00:33]} 47. Re5 {[%clk 0:00:43]}  Qa8 {[%clk 0:00:32]} 48. Rxb5 {[%clk 0:00:58]}  Rb8 {[%clk 0:00:38]} 49. Ne5 {[%clk 0:00:44]}  Rxb5 {[%clk 0:00:35]} 50. Qxb5 {[%clk 0:00:45]}  h6 {[%clk 0:00:32]} 51. Qc4+ {[%clk 0:00:44]}  Kh7 {[%clk 0:00:36]} 52. Qd3 {[%clk 0:00:49]}  Rf6 {[%clk 0:00:32]} 53. d5 {[%clk 0:00:50]}  Qb8 {[%clk 0:00:36]} 54. b4 {[%clk 0:00:46]}  Qa7+ {[%clk 0:00:48]} 55. Kg2 {[%clk 0:00:37]}  Qxa4 {[%clk 0:00:59]} 56. d6 {[%clk 0:00:41]}  Qa8+ {[%clk 0:00:34]} 57. Kf2 {[%clk 0:00:39]}  Qa2+ {[%clk 0:00:39]} 58. Ke3 {[%clk 0:00:58]}  Qg2 {[%clk 0:00:34]} 59. Nf3 {[%clk 0:00:42]}  Re6+ {[%clk 0:00:41]} 60. Ne5 {[%clk 0:01:07]}  Qxg3+ {[%clk 0:00:40]} 61. Kd2 {[%clk 0:00:32]}  Qxf4+ {[%clk 0:00:39]} 62. Kc2 {[%clk 0:00:31]}  Qxe5 {[%clk 0:00:33]} 63. d7 {[%clk 0:00:37]}  Rd6 {[%clk 0:00:37]} 64. d8=Q {[%clk 0:00:48]}  Qh2+ {[%clk 0:00:37]} 65. Kb3 {[%clk 0:00:31]}  Rxd8 {[%clk 0:00:40]} 66. Qxd8 {[%clk 0:00:48]}  Qxh3 {[%clk 0:00:34]} 67. b5 {[%clk 0:00:53]}  f4 {[%clk 0:00:40]} 68. b6 {[%clk 0:00:49]}  Qe6+ {[%clk 0:00:55]} 69. c4 {[%clk 0:00:37]}  Qe3+ {[%clk 0:00:50]} 70. Kb4 {[%clk 0:00:59]}  f3 {[%clk 0:00:44]} 71. b7 {[%clk 0:00:44]}  Qe1+ {[%clk 0:01:01]} 72. Kc5 {[%clk 0:00:37]}  Qe5+ {[%clk 0:00:40]} 73. Qd5 {[%clk 0:00:32]}  Qc7+ {[%clk 0:00:34]} 74. Qc6 {[%clk 0:00:36]}  Qe5+ {[%clk 0:00:34]} 75. Qd5 {[%clk 0:00:35]}  Qe3+ {[%clk 0:00:32]} 76. Kc6 {[%clk 0:00:36]}  Qe8+ {[%clk 0:00:37]} 77. Kb6 {[%clk 0:00:34]}  f2 {[%clk 0:00:37]} 78. Qd3+ {[%clk 0:00:32]}  Qg6+ {[%clk 0:00:39]} 79. Qxg6+ {[%clk 0:01:00]}  Kxg6 {[%clk 0:00:56]} 80. b8=Q {[%clk 0:01:25]}  f1=Q {[%clk 0:01:08]} 81. Qe8 {[%clk 0:00:43]}  Kh7 {[%clk 0:01:24]} 82. Qe4+ {[%clk 0:00:59]}  Kh8 {[%clk 0:01:19]} 83. c5 {[%clk 0:01:10]}  Qf6+ {[%clk 0:00:48]} 84. c6 {[%clk 0:01:04]}  Qb2+ {[%clk 0:00:40]} 85. Ka7 {[%clk 0:00:40]}  Qa3+ {[%clk 0:00:47]} 86. Kb8 {[%clk 0:00:59]}  Qb3+ {[%clk 0:00:40]} 87. Kc8 {[%clk 0:00:59]}  Qg8+ {[%clk 0:00:34]} 88. Kd7 {[%clk 0:01:01]}  Qf7+ {[%clk 0:00:51]} 89. Qe7 {[%clk 0:00:47]}  Qd5+ {[%clk 0:01:02]} 90. Qd6 {[%clk 0:00:59]}  Qf5+ {[%clk 0:00:45]} 91. Qe6 {[%clk 0:00:41]}  Qb5 {[%clk 0:00:39]} 92. Kd8 {[%clk 0:00:33]}  Qb6+ {[%clk 0:00:36]} 93. Kd7 {[%clk 0:00:41]}  Qb5 {[%clk 0:01:00]} 94. Ke7 {[%clk 0:00:34]}  Qg5+ {[%clk 0:00:38]} 95. Ke8 {[%clk 0:00:43]}  Qb5 {[%clk 0:00:34]} 96. Qd7 {[%clk 0:00:44]}  Qh5+ {[%clk 0:00:36]} 97. Kd8 {[%clk 0:00:49]}  Qg5+ {[%clk 0:00:34]} 98. Qe7 {[%clk 0:00:35]}  Qd5+ {[%clk 0:00:34]} 99. Qd7 {[%clk 0:00:57]}  Qg5+ {[%clk 0:00:37]} 100. Kc8 {[%clk 0:01:04]}  Qg2 {[%clk 0:00:39]} 101. Qd8 {[%clk 0:01:06]}  Kh7 {[%clk 0:00:52]} 102. Qd3+ {[%clk 0:01:21]}  Kh8 {[%clk 0:00:53]} 103. c7 {[%clk 0:00:58]}  Qc6 {[%clk 0:00:40]} 104. Qd8 {[%clk 0:00:34]}  Kh7 {[%clk 0:00:56]} 105. Qd3+ {[%clk 0:00:36]}  Kh8 {[%clk 0:01:20]} 106. Kd8 {[%clk 0:00:40]}  Qf6+ {[%clk 0:01:09]} 107. Kd7 {[%clk 0:00:58]}  Qf7+ {[%clk 0:01:17]} 108. Kd6 {[%clk 0:00:42]}  Qf4+ {[%clk 0:01:21]} 109. Kc6 {[%clk 0:00:37]}  Qa4+ {[%clk 0:01:01]} 110. Qb5 {[%clk 0:00:43]}  Qe4+ {[%clk 0:00:45]} 111. Kb6 {[%clk 0:00:49]}  Qe3+ {[%clk 0:00:38]} 112. Kb7 {[%clk 0:00:37]}  Qe4+ {[%clk 0:00:39]} 113. Kb8 {[%clk 0:00:33]}  Qf4 {[%clk 0:00:44]} 114. Qc5 {[%clk 0:00:33]}  Qg3 {[%clk 0:00:39]} 115. Ka7 {[%clk 0:00:36]} 1-0

[Event "Weekender - Master"]
[Site "Enniscrone, Sligo, IE"]
[Date "2026.02.01"]
[Round "4"]
[White "Hushpit, Lukian"]
[Black "Flynn, Jacob"]
[Result "1/2-1/2"]
[Board "1"]
[WhiteFideId "14189208"]
[BlackFideId "2509393"]
[BlackTitle "CM"]
[WhiteElo "2100"]
[BlackElo "2235"]
[WhiteTeam "IRL"]
[BlackTeam "IRL"]
[WhiteClock "0:03:02"]
[BlackClock "0:10:52"]
[Variant "Standard"]

1. e4 {[%clk 1:28:12]}  e5 {[%clk 1:28:33]} 2. Nf3 {[%clk 1:28:34]}  Nc6 {[%clk 1:28:57]} 3. Bb5 {[%clk 1:28:54]}  a6 {[%clk 1:29:18]} 4. Ba4 {[%clk 1:29:17]}  f5 {[%clk 1:29:40]} 5. d3 {[%clk 1:23:04]}  fxe4 {[%clk 1:29:35]} 6. dxe4 {[%clk 1:23:09]}  Nf6 {[%clk 1:29:15]} 7. O-O {[%clk 1:16:07]}  d6 {[%clk 1:27:43]} 8. Re1 {[%clk 1:11:19]}  Be7 {[%clk 1:28:05]} 9. c3 {[%clk 1:09:07]}  O-O {[%clk 1:25:43]} 10. Bb3+ {[%clk 1:02:11]}  Kh8 {[%clk 1:26:10]} 11. Ng5 {[%clk 0:54:27]}  Qe8 {[%clk 1:26:02]} 12. Ne6 {[%clk 0:52:29]}  Bxe6 {[%clk 1:26:24]} 13. Bxe6 {[%clk 0:52:55]}  Qg6 {[%clk 1:24:12]} 14. Bf5 {[%clk 0:49:11]}  Qf7 {[%clk 1:24:18]} 15. Qb3 {[%clk 0:49:11]}  Nd8 {[%clk 1:20:05]} 16. Qxf7 {[%clk 0:49:04]}  Nxf7 {[%clk 1:17:05]} 17. Nd2 {[%clk 0:45:56]}  g6 {[%clk 1:12:50]} 18. Be6 {[%clk 0:45:35]}  Kg7 {[%clk 1:05:52]} 19. Nf3 {[%clk 0:39:31]}  Rae8 {[%clk 1:02:39]} 20. Bxf7 {[%clk 0:34:39]}  Kxf7 {[%clk 0:59:48]} 21. Ng5+ {[%clk 0:35:03]}  Kg8 {[%clk 1:00:09]} 22. Ne6 {[%clk 0:35:14]}  Rf7 {[%clk 1:00:38]} 23. Nxc7 {[%clk 0:34:30]}  Rc8 {[%clk 1:01:01]} 24. Nd5 {[%clk 0:32:37]}  Nxd5 {[%clk 1:01:20]} 25. exd5 {[%clk 0:33:02]}  h5 {[%clk 0:53:54]} 26. Be3 {[%clk 0:27:38]}  Kh7 {[%clk 0:51:16]} 27. Rac1 {[%clk 0:26:39]}  Bf8 {[%clk 0:51:16]} 28. f3 {[%clk 0:25:19]}  Bh6 {[%clk 0:51:16]} 29. Bxh6 {[%clk 0:25:22]}  Kxh6 {[%clk 0:51:44]} 30. Re4 {[%clk 0:25:22]}  Rc5 {[%clk 0:51:16]} 31. Rd1 {[%clk 0:25:21]}  Rfc7 {[%clk 0:49:30]} 32. Kf2 {[%clk 0:19:39]}  Rb5 {[%clk 0:31:12]} 33. Re2 {[%clk 0:16:29]}  g5 {[%clk 0:31:41]} 34. h3 {[%clk 0:13:22]}  Kg6 {[%clk 0:29:07]} 35. Rd3 {[%clk 0:09:57]}  Rcc5 {[%clk 0:25:50]} 36. Red2 {[%clk 0:09:50]}  Rc4 {[%clk 0:25:40]} 37. Ke3 {[%clk 0:08:12]}  Rbc5 {[%clk 0:25:27]} 38. Rc2 {[%clk 0:07:39]}  b5 {[%clk 0:24:08]} 39. b3 {[%clk 0:06:43]}  Rf4 {[%clk 0:24:26]} 40. Rb2 {[%clk 0:05:23]}  h4 {[%clk 0:13:52]} 41. Re2 {[%clk 0:04:42]}  Kf5 {[%clk 0:13:24]} 42. Kd2 {[%clk 0:03:38]}  e4 {[%clk 0:12:26]} 43. Rxe4 {[%clk 0:03:06]}  Rxe4 {[%clk 0:12:47]} 44. fxe4+ {[%clk 0:03:34]}  Kxe4 {[%clk 0:13:07]} 45. Rd4+ {[%clk 0:03:50]}  Ke5 {[%clk 0:13:22]} 46. Kd3 {[%clk 0:03:28]}  Rxd5 {[%clk 0:10:52]} 47. Rxd5+ {[%clk 0:03:02]} 1/2-1/2

[Event "Weekender - Master"]
[Site "Enniscrone, Sligo, IE"]
[Date "2026.02.01"]
[Round "4"]
[White "Barnes, Oliver"]
[Black "Murray, Benjamin"]
[Result "1/2-1/2"]
[Board "2"]
[WhiteFideId "2517604"]
[BlackFideId "2512963"]
[WhiteElo "2013"]
[BlackElo "2060"]
[WhiteTeam "IRL"]
[BlackTeam "IRL"]
[WhiteClock "0:02:34"]
[BlackClock "0:02:48"]
[Variant "Standard"]

1. d4 {[%clk 1:30:57]}  Nf6 {[%clk 1:30:49]} 2. Nf3 {[%clk 1:31:21]}  g6 {[%clk 1:31:01]} 3. Nbd2 {[%clk 1:31:41]}  Bg7 {[%clk 1:31:07]} 4. e4 {[%clk 1:32:04]}  d6 {[%clk 1:31:29]} 5. Bd3 {[%clk 1:32:29]}  O-O {[%clk 1:31:35]} 6. O-O {[%clk 1:32:49]}  Nbd7 {[%clk 1:29:27]} 7. Re1 {[%clk 1:33:11]}  e5 {[%clk 1:29:50]} 8. dxe5 {[%clk 1:33:36]}  dxe5 {[%clk 1:29:34]} 9. Nc4 {[%clk 1:33:55]}  Nh5 {[%clk 1:24:21]} 10. b4 {[%clk 1:21:53]}  Re8 {[%clk 1:14:51]} 11. Bb2 {[%clk 1:17:53]}  Qe7 {[%clk 1:03:32]} 12. a3 {[%clk 1:01:24]}  Nf4 {[%clk 1:02:59]} 13. Bf1 {[%clk 1:00:52]}  Qe6 {[%clk 0:51:47]} 14. g3 {[%clk 0:47:16]}  Nh5 {[%clk 0:43:14]} 15. Ne3 {[%clk 0:38:02]}  Nb6 {[%clk 0:41:05]} 16. c4 {[%clk 0:37:43]}  Bd7 {[%clk 0:35:17]} 17. a4 {[%clk 0:33:34]}  Rad8 {[%clk 0:28:00]} 18. Qc2 {[%clk 0:33:19]}  Qf6 {[%clk 0:21:45]} 19. Be2 {[%clk 0:28:16]}  Bh6 {[%clk 0:16:13]} 20. Nxe5 {[%clk 0:16:07]}  Bxe3 {[%clk 0:09:22]} 21. Ng4 {[%clk 0:14:21]}  Bxf2+ {[%clk 0:06:24]} 22. Nxf2 {[%clk 0:14:49]}  Qg5 {[%clk 0:05:16]} 23. Qc3 {[%clk 0:12:39]}  f6 {[%clk 0:04:26]} 24. Bxh5 {[%clk 0:12:39]}  gxh5 {[%clk 0:04:23]} 25. Qxf6 {[%clk 0:12:25]}  Qxf6 {[%clk 0:04:50]} 26. Bxf6 {[%clk 0:12:49]}  Rc8 {[%clk 0:04:53]} 27. c5 {[%clk 0:12:33]}  Nc4 {[%clk 0:02:56]} 28. Red1 {[%clk 0:10:04]}  Be6 {[%clk 0:02:36]} 29. Rd3 {[%clk 0:06:16]}  Rf8 {[%clk 0:01:20]} 30. e5 {[%clk 0:05:34]}  Rce8 {[%clk 0:01:23]} 31. Rc1 {[%clk 0:04:29]}  Nb2 {[%clk 0:00:37]} 32. Rd4 {[%clk 0:04:49]}  Rf7 {[%clk 0:00:34]} 33. Ne4 {[%clk 0:04:47]}  Rd7 {[%clk 0:00:41]} 34. Rxd7 {[%clk 0:04:40]}  Bxd7 {[%clk 0:00:57]} 35. Ng5 {[%clk 0:02:12]}  Nxa4 {[%clk 0:00:38]} 36. Rd1 {[%clk 0:01:38]}  Bg4 {[%clk 0:00:38]} 37. Rd4 {[%clk 0:00:59]}  Nc3 {[%clk 0:00:42]} 38. Kf2 {[%clk 0:00:51]}  h6 {[%clk 0:00:35]} 39. Nf3 {[%clk 0:01:16]}  c6 {[%clk 0:00:43]} 40. Nd2 {[%clk 0:00:42]}  Nd5 {[%clk 0:00:41]} 41. Ne4 {[%clk 0:00:56]}  Rf8 {[%clk 0:00:42]} 42. Kg2 {[%clk 0:00:41]}  Be6 {[%clk 0:00:32]} 43. h3 {[%clk 0:00:54]}  Ne3+ {[%clk 0:00:41]} 44. Kh2 {[%clk 0:01:17]}  Nd5 {[%clk 0:00:56]} 45. h4 {[%clk 0:01:03]}  Bf5 {[%clk 0:00:38]} 46. Nd6 {[%clk 0:01:00]}  Nxf6 {[%clk 0:01:03]} 47. exf6 {[%clk 0:01:25]}  Bg4 {[%clk 0:00:42]} 48. f7+ {[%clk 0:01:11]}  Kg7 {[%clk 0:00:45]} 49. Re4 {[%clk 0:01:34]}  Bf3 {[%clk 0:00:35]} 50. Re7 {[%clk 0:01:29]}  b6 {[%clk 0:00:36]} 51. Ne8+ {[%clk 0:01:01]}  Kg6 {[%clk 0:00:35]} 52. Re6+ {[%clk 0:00:45]}  Kxf7 {[%clk 0:00:43]} 53. Re3 {[%clk 0:00:34]}  Rxe8 {[%clk 0:00:43]} 54. Rxf3+ {[%clk 0:01:03]}  Kg6 {[%clk 0:01:05]} 55. Ra3 {[%clk 0:00:54]}  bxc5 {[%clk 0:00:41]} 56. bxc5 {[%clk 0:01:15]}  Re2+ {[%clk 0:01:07]} 57. Kh3 {[%clk 0:01:23]}  Re7 {[%clk 0:01:16]} 58. Rd3 {[%clk 0:01:13]}  Kf5 {[%clk 0:01:09]} 59. Rd6 {[%clk 0:01:09]}  Re6 {[%clk 0:01:33]} 60. Rd7 {[%clk 0:01:13]}  Re5 {[%clk 0:01:32]} 61. Rxa7 {[%clk 0:01:16]}  Rxc5 {[%clk 0:01:58]} 62. Rh7 {[%clk 0:01:30]}  Kg6 {[%clk 0:02:21]} 63. Rc7 {[%clk 0:01:32]}  Rc2 {[%clk 0:02:45]} 64. Rc8 {[%clk 0:01:43]}  c5 {[%clk 0:03:09]} 65. Rc6+ {[%clk 0:02:08]}  Kg7 {[%clk 0:02:41]} 66. Rc7+ {[%clk 0:02:34]}  Kg6 {[%clk 0:02:48]} 1/2-1/2

[Event "Weekender - Master"]
[Site "Enniscrone, Sligo, IE"]
[Date "2026.02.01"]
[Round "4"]
[White "Melaugh, Shane"]
[Black "Campbell, Andrew"]
[Result "1-0"]
[Board "3"]
[WhiteFideId "2509580"]
[BlackFideId "2518392"]
[WhiteTitle "FM"]
[WhiteElo "2191"]
[BlackElo "1929"]
[WhiteTeam "IRL"]
[BlackTeam "IRL"]
[WhiteClock "0:27:43"]
[BlackClock "0:15:53"]
[Variant "Standard"]

1. c4 {[%clk 1:24:39]}  g6 {[%clk 1:30:58]} 2. Nc3 {[%clk 1:24:59]}  Bg7 {[%clk 1:31:22]} 3. g3 {[%clk 1:25:00]}  d6 {[%clk 1:31:30]} 4. Bg2 {[%clk 1:25:24]}  Nf6 {[%clk 1:31:57]} 5. d4 {[%clk 1:24:02]}  O-O {[%clk 1:32:17]} 6. Nf3 {[%clk 1:24:28]}  Nbd7 {[%clk 1:32:29]} 7. O-O {[%clk 1:23:17]}  e5 {[%clk 1:32:45]} 8. e4 {[%clk 1:23:40]}  h6 {[%clk 1:30:22]} 9. h3 {[%clk 1:23:47]}  c6 {[%clk 1:30:01]} 10. Be3 {[%clk 1:24:12]}  Re8 {[%clk 1:23:23]} 11. Rc1 {[%clk 1:19:09]}  exd4 {[%clk 1:21:48]} 12. Nxd4 {[%clk 1:16:49]}  Nc5 {[%clk 1:21:11]} 13. Qc2 {[%clk 1:14:48]}  a5 {[%clk 1:21:35]} 14. Rfe1 {[%clk 1:13:46]}  Qe7 {[%clk 1:18:42]} 15. Rcd1 {[%clk 1:13:52]}  Nfd7 {[%clk 1:13:10]} 16. b3 {[%clk 1:10:27]}  Nf8 {[%clk 1:09:53]} 17. Bf4 {[%clk 0:59:21]}  Rd8 {[%clk 1:07:20]} 18. Be3 {[%clk 0:50:21]}  Kh7 {[%clk 0:57:54]} 19. Re2 {[%clk 0:47:35]}  Be6 {[%clk 0:52:29]} 20. Nf5 {[%clk 0:46:02]}  Bxf5 {[%clk 0:49:56]} 21. exf5 {[%clk 0:46:25]}  Qf6 {[%clk 0:47:06]} 22. fxg6+ {[%clk 0:45:26]}  fxg6 {[%clk 0:41:40]} 23. Ne4 {[%clk 0:38:07]}  Nxe4 {[%clk 0:40:55]} 24. Bd4 {[%clk 0:36:57]}  Qf7 {[%clk 0:40:07]} 25. Bxe4 {[%clk 0:34:16]}  Bxd4 {[%clk 0:35:41]} 26. Rxd4 {[%clk 0:34:42]}  Qf6 {[%clk 0:34:47]} 27. Qd3 {[%clk 0:31:39]}  Rd7 {[%clk 0:31:58]} 28. h4 {[%clk 0:31:36]}  Kg7 {[%clk 0:32:00]} 29. Bf3 {[%clk 0:31:12]}  g5 {[%clk 0:20:38]} 30. Bg4 {[%clk 0:29:05]}  Rdd8 {[%clk 0:19:35]} 31. hxg5 {[%clk 0:28:45]}  hxg5 {[%clk 0:19:53]} 32. Rde4 {[%clk 0:27:17]}  Ng6 {[%clk 0:18:33]} 33. Re6 {[%clk 0:27:41]}  Ne5 {[%clk 0:18:53]} 34. R2xe5 {[%clk 0:26:54]}  dxe5 {[%clk 0:18:49]} 35. Qe3 {[%clk 0:27:18]}  Rd1+ {[%clk 0:15:53]} 36. Kg2 {[%clk 0:27:43]} 1-0

[Event "Weekender - Master"]
[Site "Enniscrone, Sligo, IE"]
[Date "2026.02.01"]
[Round "4"]
[White "Duggan, Dylan"]
[Black "O`cuilleanain, Oisin"]
[Result "0-1"]
[Board "4"]
[WhiteFideId "2535343"]
[BlackFideId "2514249"]
[WhiteElo "1881"]
[BlackElo "2164"]
[WhiteTeam "IRL"]
[BlackTeam "IRL"]
[WhiteClock "1:30:30"]
[BlackClock "1:30:30"]
[Variant "Standard"]

1. e4 {[%clk 1:30:58]}  c5 {[%clk 1:23:58]} 2. c3 {[%clk 1:31:23]}  Nf6 {[%clk 1:24:23]} 3. e5 {[%clk 1:31:48]}  Nd5 {[%clk 1:24:48]} 4. Nf3 {[%clk 1:32:14]}  d6 {[%clk 1:25:11]} 5. exd6 {[%clk 1:32:19]}  e6 {[%clk 1:24:52]} 6. Bc4 {[%clk 1:30:01]}  Bxd6 {[%clk 1:23:05]} 7. O-O {[%clk 1:28:25]}  O-O {[%clk 1:22:49]} 8. d4 {[%clk 1:27:47]}  Nc6 {[%clk 1:21:49]} 9. Be3 {[%clk 1:24:38]}  Nxe3 {[%clk 1:16:21]} 10. fxe3 {[%clk 1:24:58]}  b6 {[%clk 1:16:33]} 11. e4 {[%clk 1:23:13]}  cxd4 {[%clk 1:16:45]} 12. cxd4 {[%clk 1:23:35]}  Nxd4 {[%clk 1:16:50]} 13. Kh1 {[%clk 1:19:07]}  Nxf3 {[%clk 1:16:39]} 14. Qxf3 {[%clk 1:18:49]}  Qh4 {[%clk 1:14:08]} 15. h3 {[%clk 1:17:13]}  Qg3 {[%clk 1:10:11]} 16. Qxg3 {[%clk 1:16:32]}  Bxg3 {[%clk 1:10:34]} 17. Nc3 {[%clk 1:16:09]}  Bb7 {[%clk 1:10:50]} 18. Rf3 {[%clk 1:12:17]}  Be5 {[%clk 1:10:33]} 19. Re1 {[%clk 1:10:32]}  Rac8 {[%clk 1:10:40]} 20. Bb3 {[%clk 1:10:25]}  Rfd8 {[%clk 1:10:48]} 21. Ref1 {[%clk 1:06:46]}  Rd7 {[%clk 1:08:16]} 22. Re3 {[%clk 0:59:59]}  a6 {[%clk 1:06:46]} 23. Na4 {[%clk 0:55:29]}  Rd6 {[%clk 1:05:25]} 24. Ref3 {[%clk 0:49:25]}  f6 {[%clk 1:04:37]} 25. Re3 {[%clk 0:47:22]}  Kf7 {[%clk 1:04:01]} 26. Nc3 {[%clk 0:37:07]}  Ke7 {[%clk 1:04:15]} 27. Rd1 {[%clk 0:27:10]}  Rxd1+ {[%clk 1:04:08]} 28. Nxd1 {[%clk 0:27:32]}  Rc1 {[%clk 1:04:26]} 29. Re2 {[%clk 0:26:11]}  a5 {[%clk 1:04:06]} 30. Rd2 {[%clk 0:23:55]}  Bxe4 {[%clk 1:04:02]} 31. Ba4 {[%clk 0:22:44]}  Bd5 {[%clk 1:03:59]} 32. a3 {[%clk 0:22:27]}  h5 {[%clk 1:03:16]} 33. Kg1 {[%clk 0:21:59]}  Bf4 {[%clk 1:01:59]} 34. Rd3 {[%clk 0:22:11]}  h4 {[%clk 1:02:03]} 35. Rd4 {[%clk 1:30:30]}  Be3+ {[%clk 1:30:30]} 0-1